States that are Free from the U.S.A - Statistics

General Stats
  • This quiz has been taken 101 times
  • The average score is 4 of 6
Answer Stats
Answer % Correct
Oregon
70%
Ohio
62%
Vermont
58%
Wyoming
58%
New York
56%
New Mexico
48%
No matching quizzes found
Score Distribution
Percent of People with Each Score
Percentile by Number Answered
Your Score History
You have not taken this quiz